WWF Era Roster - Statistics

General Stats
  • This quiz has been taken 28 times
  • The average score is 10 of 77
Answer Stats
Hint Answer % Correct
Hulk Hogan
100%
Andre The Giant
65%
Jimmy Snuka
40%
Big John Studd
30%
Bob Backlund
30%
Bruno Sammartino
30%
Pedro Morales
30%
Ted DiBiase
30%
Vince McMahon
30%
Barry Hart
25%
Billy Graham
25%
SGT. Slaughter
25%
Era Afa
20%
Dizzy Hogan
20%
Freddie Blassie
20%
George Steele
20%
Ivan Koloff
20%
Ivan Putski
20%
Jesse The Body Ventura
20%
Mr. Fuji
20%
Rick Martel
20%
Sika
20%
Tito Santana
20%
WWF Adrian Adonis
15%
Danny Davis/Mr. X
15%
Gorilla Monsoon
15%
Harley Race
15%
Linda McMahon
15%
Pat Patterson
15%
Rocky Johnson
15%
The Fabulous Moolah
15%
Tony Atlas
15%
Vincent J. McMahon
15%
Captain Lou Albano
10%
Cowboy Bob Orton
10%
Greg The Hammer Valentine
10%
High Chief Peter Maivia
10%
Leilani Kai
10%
Nature Boy Buddy Rogers
10%
Nikolai Volkoff
10%
S.D. Jones
10%
Tatsumi Fujinami
10%
The Grand Wizard
10%
The Magnificent Muraco
10%
Wendi Richter
10%
Arnold Skaaland
5%
Baron Mikel Scicluna
5%
Big Cat Ernie Ladd
5%
Buddy Rose
5%
Chief Jay Strongbow
5%
Crippler Ray Stevens
5%
Eddie Gilbert
5%
Haystacks Calhoun
5%
Howard Finkel
5%
James Dudley
5%
Jimmy Valiant
5%
Johnny Rodz
5%
Johnny Valiant
5%
Judy Martin
5%
Ken Patera
5%
Lord Alfred Hayes
5%
Stan Hansen
5%
Tiger Mask
5%
Angelo Mosca
0%
Assassin #3
0%
Buffalo Allen
0%
Curt Hennig
0%
Dominic Denucci
0%
Hacksaw Jim Duggan
0%
Hisashi Shinma
0%
Hossein Arab
0%
Killer Khan
0%
Larry Zbyszko
0%
Mil Mascaras
0%
Strong Kobayashi
0%
The Destroyer
0%
The Great Yatsu
0%
No matching quizzes found
Score Distribution
Percent of People with Each Score
Percentile by Number Answered
Your Score History
You have not taken this quiz